000 00956nam0a22002531 4500
001 rc\847421
005 20041129092521.1
035 _a(NLR Aleph) 006028301
090 _a7501510
_c7501510
100 _a20041129d1984 u |0rusy50 ca
101 0 _arus
102 _aRU
105 _ay |||||||||
200 1 _aМоральная тема в газете
_e[Метод. разраб.]
_fМ-во высш. и сред. спец. образования КазССР, Каз. гос. ун-т им. С.М. Кирова
_g[Ю.А. Крикунов]
210 _aАлма-Ата
_cКазГУ
_d1984
215 _a36 с.
_d20
320 _aБиблиогр.: с. 35
702 1 _aКрикунов
_bЮ. А.
_gЮрий Алексеевич
_4220
712 0 2 _aКазахский ун-т им. С.М.Кирова
_cАлма-Ата
_3RU\NLR\AUTH\884194
801 0 _aRU
_bNLR
_gpsbo
801 1 _aRU
_bELAR
_2rusmarc
852 _aNLR
_j85-4/28732
942 _cBOOK
980 _aNB